| 000 | 006380000a22001930004500 | ||
|---|---|---|---|
| 020 | _a958-8115-81-7 | ||
| 041 | 0 | _aSPA | |
| 082 | 0 | 4 | _aG 193 N677a |
| 100 | 1 | _aNietzsche, Friedrich Wilhelm (1844-1900) | |
| 245 | 1 | 0 | _aEl Anticristo / Friedrich Nietzsche ; Elizabeth Giraldo, Traductora |
| 260 | _aBogotá, Colombia : Esquilo | ||
| 300 | _a95 Pág. | ||
| 650 | 1 | 4 | _aCRISTIANISMO - OBRAS POLEMICAS \ ANTICRISTO \ FILOSOFIA \ FILOSOFIA Y RELIGION \ FILOSOFIA ALEMANA (GRIEGA, HINDU, ETC.) |
| 001 | 494 | ||
| 942 | _cBK | ||
| 999 |
_c32013 _d32013 |
||
| 336 |
_atexto _btxt _2rdacontent |
||
| 337 |
_2rdamedia _asin mediación _bn |
||
| 338 |
_2rdacarrier _avolumen _bnc |
||